Polymer and rubber modified bitumen- Specification. (Record no. 73573)

MARC details
000 -LEADER
fixed length control field 00339nam a2200121Ia 4500
245 #0 - TITLE STATEMENT
Title Polymer and rubber modified bitumen- Specification.
260 ## - PUBLICATION, DISTRIBUTION, ETC. (IMPRINT)
Year of publication 2004
500 ## - GENERAL NOTE
General note Standard number: IS 15462
650 ## - SUBJECT ADDED ENTRY--TOPICAL TERM
Topical Term Polymer modified bitumen
650 ## - SUBJECT ADDED ENTRY--TOPICAL TERM
Topical Term Rubber modified bitumen
942 ## - ADDED ENTRY ELEMENTS (KOHA)
Koha item type Standards
Holdings
Withdrawn status Lost status Damaged status Not for loan Collection code Home library Current library Date acquired Koha item type
      Standards Indian standards RRII Library RRII Library 31/12/2021 Standards